000 00653nam a22001937a 4500
999 _c176177
_d176177
005 20201126153412.0
010 _aUR-10944
020 _c200.00
_a9789390100262
035 _aU-9499
037 _bDBAD/PUB
082 _a841
100 _aمشتا ق ا حمد
245 _aآ ہينہ حير ا ن ہے
_cمشتا ق ا حمد
246 _bAaina Hairan Hai (Urdu)
_aby Dr. Mushtaque Ahmed
260 _aN.Delhi
_bEducational Publishing House
_c2020 ء
270 _aH.O.D1/16,Ansari Road,Darya ganj,
_bN.Delhi
_e110002
_k45678285,23216162
_l0091-11-23211540
300 _a104 ص
_c22 Cm(Hb)
942 _2ddc
_cUR
_h841
_mم ش ت